Nghiên cứu sâu xanh da láng (Spodoptera Exigua Hubner-Noctuide-Lepidoplera): Các đặc điểm hình thái, sinh thái, khả năng gây hại và biện pháp phòng trị trên đậu nành

Uloženo v:
Podrobná bibliografie
Hlavní autor: Nguyễn thị Thu Cúc
Médium: Kniha
Jazyk:Undetermined
Vydáno: Cần Thơ Đại Học Cần Thơ 1999
Témata:
Tagy: Přidat tag
Žádné tagy, Buďte první, kdo otaguje tento záznam!
Thư viện lưu trữ: Trung tâm Học liệu Trường Đại học Cần Thơ
LEADER 00773nam a2200193Ia 4500
001 CTU_39007
008 210402s9999 xx 000 0 und d
020 |b ĐHCT - Khoa Nông nghiệp 
082 |a 633.3489 
082 |b C506 
100 |a Nguyễn thị Thu Cúc 
245 0 |a Nghiên cứu sâu xanh da láng (Spodoptera Exigua Hubner-Noctuide-Lepidoplera): Các đặc điểm hình thái, sinh thái, khả năng gây hại và biện pháp phòng trị trên đậu nành 
245 0 |c Nguyễn thị Thu Cúc 
260 |a Cần Thơ 
260 |b Đại Học Cần Thơ 
260 |c 1999 
650 |a soybeans - diseases and pests 
904 |i Liên, 000717 
980 |a Trung tâm Học liệu Trường Đại học Cần Thơ